Capital City Pictures #1: Country and Continent - Statistics

General Stats
  • This quiz has been taken 48 times
  • The average score is 32 of 48
Answer Stats
Picture Answer % Correct
Asia
93%
Asia
93%
Asia
93%
France
93%
Paris
93%
Europe
90%
Europe
90%
Europe
90%
Europe
90%
North America
83%
North America
83%
South America
83%
South America
83%
South America
83%
Oceania
79%
Oceania
79%
Singapore
79%
Singapore
79%
Canada
76%
Ottawa
76%
Africa
69%
Africa
69%
Australia
69%
Canberra
69%
Colombia
66%
Lima
66%
Peru
66%
Iceland
62%
Slovakia
62%
Bahamas
59%
Bogota
59%
Bratislava
59%
Reykjavik
59%
Nassau
55%
Bern
52%
Paraguay
52%
Switzerland
52%
Asuncion
48%
Kenya
48%
Nairobi
48%
Indonesia
45%
Samoa
45%
Jakarta
41%
Apia
38%
Namibia
38%
Windhoek
38%
Lebanon
34%
Beirut
31%
No matching quizzes found
Score Distribution
Percent of People with Each Score
Percentile by Number Answered
Your Score History
You have not taken this quiz